| 000 | 01770nam1a22003131i 4500 | ||
|---|---|---|---|
| 001 | rc\3367750 | ||
| 005 | 20260407130827.0 | ||
| 035 | _a(NLR Aleph) 007544002 | ||
| 090 |
_a9779849 _c9779849 |
||
| 100 | _a20130115g1974 |||y0rusy50 ca | ||
| 101 | 0 | _arus | |
| 102 | _aRU | ||
| 105 | _a z ||||| | ||
| 200 | 1 |
_aЛетопись жизни и творчества А.И. Герцена. 1812-1870 _fРед. коллегия: Б.Ф. Егоров [и др. _gАвт. введ. С.Д. Гурвич-Лищинер _g[АН СССР. Ин-т мировой литературы им. А.М. Горького]. Т. 1]- |
|
| 210 |
_aМосква _cНаука _d1974- |
||
| 215 | _d22 | ||
| 532 | 1 | 0 | _aЛетопись жизни и творчества Александра Ивановича Герцена. 1812-1870 |
| 606 |
_aОбщественная мысль в России _z19 в. _xИстория _xХронология _2psbo |
||
| 606 |
_aОбщественная мысль в России _z19 в. _xХронология _2psbo |
||
| 606 |
_aРусская литература _z19 в. _xХронология _2psbo |
||
| 702 | 1 |
_6z01790 _aГурвич-Лищинер _bС.Д. _4080 |
|
| 702 | 1 |
_4340 _8rus _7ca _aЕгоров _bБ. Ф. _cд-р филол. наук, литературовед _f1926-2020 _gБорис Федорович _3RU\NLR\AUTH\7725972 _99017 |
|
| 702 | 1 |
_4570 _8rus _7ca _aГерцен _bА. И. _f1812-1870 _gАлександр Иванович _3RU\NLR\AUTH\773922 _9113911 |
|
| 712 | 0 | 2 |
_aИнститут мировой литературы им. А. М. Горького _cМосква _3RU\NLR\AUTH\889978472 _9453490 |
| 790 | 1 |
_6z01702 _aЛищинер _bС.Д. |
|
| 801 | 0 |
_aRU _bNLR _gpsbo |
|
| 801 | 1 |
_aRU _bELAR _2rusmarc |
|
| 942 | _cBOOK | ||